Humanity and environment : a culture ecology (Record no. 9149)

MARC details
000 -LEADER
fixed length control field 00438nam a2200169Ia 4500
005 - DATE AND TIME OF LATEST TRANSACTION
control field 20250506111539.0
008 - FIXED-LENGTH DATA ELEMENTS--GENERAL INFORMATION
fixed length control field 231207s9999 xx 000 0 und d
020 ## - INTERNATIONAL STANDARD BOOK NUMBER
International Standard Book Number 9780582225473
040 ## - CATALOGING SOURCE
Transcribing agency PK-LaNCA
082 ## - DEWEY DECIMAL CLASSIFICATION NUMBER
Classification number MPH 304.2
Item number SIM
100 ## - MAIN ENTRY--PERSONAL NAME
Author Name Simmons, I.G.
245 #0 - TITLE STATEMENT
Title Humanity and environment : a culture ecology
260 ## - PUBLICATION, DISTRIBUTION, ETC.
Name of publisher, distributor, etc. Longman
Place of publication, distribution, etc. Essex
Date of publication, distribution, etc. 1997
300 ## - PHYSICAL DESCRIPTION
Pages xii, 328p
650 ## - SUBJECT ADDED ENTRY--TOPICAL TERM
Subject Human-Ecology-Culture
942 ## - ADDED ENTRY ELEMENTS (KOHA)
Koha item type M. Phil.
999 ## -
-- 9149
-- 9149
Holdings
Withdrawn status Weedout from Library Permanent Location Current Location Shelving location Date acquired Full call number Barcode Price effective from Koha item type
    NATIONAL COLLEGE OF ARTS, LAHORE - LIBRARY NATIONAL COLLEGE OF ARTS, LAHORE - LIBRARY M.Phil Section Basement of Library 08/12/2023 MPH 304.2 SIM 12739 12739 08/12/2023 M. Phil.